Nazwij rzekę po trzech miastach - Statystyki

Ogólne statystyki
  • Ten quiz został rozwiązany 23 razy
    22 od ostatniego zresetowania
  • Średni wynik to 17 z 20
Statystyki odpowiedzi
Miasta Rzeka % Poprawnych
Wiedeń, Budapeszt, Belgrad Dunaj
100%
Kair, Chartum, Dżuba Nil
100%
Gdańsk, Warszawa, Toruń Wisła
100%
Niżny Nowogród, Samara, Wołgograd Wołga
100%
Minneapolis, Memphis, Nowy Orlean Mississippi
95%
Lubusz, Kędzierzyn-Koźle, Ostrawa Odra
95%
Bazylea, Dusseldorf, Rotterdam Ren
95%
Oxford, Reading, Londyn Tamiza
95%
Poznań, Koło, Gorzów Wielkopolski Warta
95%
Prajagradź, Kanpur, Kolkata Ganges
90%
Chongqing, Wuhan, Szanghaj Jangcy
90%
Brazzaville, Kinszasa, Mbandaka Kongo
86%
Wientian, Nong Khai, Phnom Penh Mekong
81%
Brześć, Terespol, Sokal Bug
76%
Bamako, Timbuktu, Niamey Niger
71%
Albuquerque, El Paso, Ciudad Juárez Rio Grande
71%
Genewa, Lyon, Awinion Rodan
67%
Massena, Montreal, Quebec City Rzeka Świętego Wawrzyńca
57%
Albany, Nowy Jork, Jersey City Hudson
48%
Buenos Aires, San Fernando, Montevideo Río de la Plata
48%
Nie znaleziono quizów pasujących do podanych kryteriów
Rozkład punktacji
Procent ludzi z każdym wynikiem
Percentyl według liczby udzielonych odpowiedzi
Twoja historia wyników
Nie rozwiązałeś tego quizu od ostatniego zresetowania